Loading...
| Current Events | 5 | 10.00 | 80% | 40% | 0% |
| Fine Arts - Classical Music | 9 | 13.33 | 100% | 33% | 11% |
| Fine Arts - Other Fine Arts | 9 | 11.11 | 89% | 22% | 0% |
| Fine Arts - Painting & Sculpture | 6 | 10.00 | 83% | 17% | 0% |
| Geography | 3 | 13.33 | 100% | 33% | 0% |
| History - American History | 12 | 11.67 | 83% | 42% | 0% |
| History - European History | 8 | 11.25 | 100% | 13% | 0% |
| History - Other History | 8 | 13.75 | 88% | 25% | 25% |
| History - World History | 6 | 13.33 | 100% | 33% | 0% |
| Literature - American Literature | 5 | 12.00 | 80% | 40% | 0% |
| Literature - British Literature | 9 | 14.44 | 89% | 67% | 0% |
| Literature - European Literature | 7 | 15.71 | 100% | 29% | 29% |
| Literature - World Literature | 8 | 10.00 | 100% | 0% | 0% |
| Mythology | 4 | 15.00 | 100% | 50% | 0% |
| Other Academic | 6 | 13.33 | 100% | 33% | 0% |
| Philosophy | 8 | 12.50 | 88% | 38% | 0% |
| Religion | 7 | 14.29 | 100% | 29% | 14% |
| Science - Biology | 6 | 11.67 | 83% | 33% | 0% |
| Science - Chemistry | 7 | 18.57 | 100% | 71% | 14% |
| Science - Other Science | 8 | 8.75 | 75% | 13% | 0% |
| Science - Physics | 9 | 13.33 | 89% | 33% | 11% |
| Social Science | 6 | 15.00 | 67% | 50% | 33% |